Documento de fuentes reguladas y no reguladas para el curso Electrónica III
Պահպանված է:
| Հիմնական հեղինակ: | |
|---|---|
| Ձևաչափ: | Գիրք |
| Լեզու: | Spanish |
| Հրապարակվել է: |
[San José, Costa Rica]
2013
|
| Խորագրեր: | |
| Ցուցիչներ: |
Ավելացրեք ցուցիչ
Չկան պիտակներ, Եղեք առաջինը, ով նշում է այս գրառումը!
|
MARC
| LEADER | 00000nam a22000007a 4500 | ||
|---|---|---|---|
| 003 | 011794 | ||
| 005 | 20230622110549.0 | ||
| 008 | 150421b2013 c a|||| |||| 00| 0 spa d | ||
| 040 | |c cru CEDI | ||
| 100 | |9 726 |a Muñoz Vargas, Kenneth, 1991- | ||
| 245 | |a Documento de fuentes reguladas y no reguladas para el curso Electrónica III | ||
| 260 | |a [San José, Costa Rica] |c 2013 | ||
| 500 | |a Proyecto de graduación (bachillerato en ingeniería eléctrica)--Universidad de Costa Rica. Facultad de Ingeniería. Escuela de Ingeniería Eléctrica, | ||
| 501 | |a Profesor Guía de IE-0499 Proyecto Eléctrico: Ing. Carlos Campos, Lic. | ||
| 650 | |x RECURSOS ENERGETICOS |x CONVERTIDORES DE CORRIENTE ELECTRICA |x CIRCUITOS ELECTRICOS |x CORRIENTES ELECTRICAS |9 782 | ||
| 942 | |c CEDI |h TFG 6963 |6 TFG_6963_000000000000000 | ||
| 999 | |c 13846 |d 13846 | ||
